00341nam a2200133Ia 4500008004100000020001500041041001200056082001600068100001600084245004500100260003600145300000900181650001700190221030s9999 xx 000 0 und d a8121902606 aEnglish a105.23bAhu aH. L. Ahuja 0aAdvanced Economic Theorycby H. L. Ahuja bS. Chand & Co.aNew Delhic2001 a1103 aBE Economics